Top Searches on Wikipedia - Statistics

General Stats
  • This quiz has been taken 23 times
    2 since last reset
  • The average score is 13 of 26
Answer Stats
Letter Top Searches % Correct
B Binomial nomenclature | Brazil | Belgium | BTS | Basketball | Bene Gesserit | Bangladesh | Barack Obama | Bill Gates
100%
D Daylight saving time | Digital object identifier | Donald Trump | Denmark | Dune (franchise) | Dune (2021 film) | Dwayne Johnson | Dog | Dragon Ball Z
100%
A Association football | Australia | Animal | Arthropod | Austria | Avatar: The Last Airbender | Argentina | Afghanistan | American Civil War
50%
C Copyright infringement | Copyright law of the United States | Copyright | China | California | Catholic Church | Cricket | Chicago | Christianity
50%
E England | English language | Europe | Egypt | Elizabeth II | Elvis Presley | Elon Musk | European Union | Earth
50%
F France | Fair use | Free content | Facebook | Flickr | Flag| Fox Broadcasting Company | Finland | Formula One
50%
G Germany | Geographic coordinate system | Google | Greece | Georgia (country) | Google Maps | George Washington | German language | Generation Z
50%
H Hong Kong | Hungary | History | Haiti | Hawaii | Holy Roman Empire | Henry VIII | Hip hop music | Harvard University
50%
I ISBN | India | IP address | IMDb | Italy | Iran | Insect | ISSN | Instagram
50%
J Japan | Jimmy Carter | Joe Biden | J. Robert Oppenheimer | Jesus | James VI and I | Jake Paul | John F. Kennedy | Jennifer Lopez
50%
K Kenya | Kazakhstan | Katie Britt | Kanye West | Korea | Kamala Harris | Kobe Bryant | Katy Perry | Kyrgyzstan
50%
L London | Los Angeles | List of Dune characters | List of sovereign states | Liverpool F.C. | List of compositions by Johann Sebastian Bach | Lady Gaga | List of technology in the Dune universe | LeBron James
50%
M Main Page | Mexico | Music genre | Malaysia | Manchester United F.C. | Malaysia Airlines Flight 370 | Mueller special counsel investigation | Michael Jackson | Morocco
50%
N Network address translation | New York City | New Zealand | Norway | Napoleon | New York (state) | NATO | Nikki Haley | North America
50%
P Poland | Public domain | Pakistan | Philippines | Plant | Premier League | PubMed | Portugal | Pennsylvania
50%
Q Queen Victoria | Qatar | Quran | Quentin Tarantino | Queen (band) | Qing dynasty | Quantum mechanics | Quotation mark | QR code
50%
R Russia | Rihanna | Republican Party (United States) | Romania | Russian language | Real Madrid CF | Russian invasion of Ukraine | Rail transport | Record label
50%
S Spain | Sweden | Switzerland | South Africa | Soviet Union | Scotland | Singapore | South Korea | Sri Lanka
50%
T Tilde | Taxonomy (biology) | Time zone | The New York Times | Turkey | Twitter | Television show | Thailand | Tampa Bay Buccaneers
50%
U United States | United Kingdom | U.S. state | Ukraine | UEFA Champions League | United Arab Emirates | United States dollar | United Nations | United States House of Representatives
50%
V Video game | Virtual International Reality File | Vietnam | Vladimir Putin | Venezuela | Vietnam War | Virginia | Vienna | Volleyball
50%
W Wikimedia Foundation | Wayback Machine | World War II | Wikidata | World War I | Washington, D.C. | Woman | Wikipedia | William Shakespeare
50%
Z Zen | Zendaya | Zionism | Zeus | Zoroastrianism | Zorro | Zodiac Killer | Zimbabwe | ZIP Code
50%
O Olympic Games | Ottoman Empire | Organizations of the Dune universe | Ozzy Osbourne | Ohio | One Piece | Oppenheimer (film) | Order of the British Empire | Oregon
0%
X XXXTentacion | Xi Jinping | X-Men (film series) | Xinjiang | Xbox | Xbox 360 | Xbox Series X and Series S | X-Men | Xbox One
0%
Y Year | YouTube | Yemen | Yale University | Young Sheldon | Yom Kippur War | Yakuza | Yellowstone (American TV series) | Yu-Gi-Oh!
0%
No matching quizzes found
Score Distribution
Percent of People with Each Score
Percentile by Number Answered
Your Score History
You have not taken this quiz since the last reset